[Event "COL-ch U18 Girls"]
[Site "Bucaramanga"]
[Date "2025.04.06"]
[Round "6"]
[White "Solano Trillos, Thaliana"]
[Black "Alvarado Quintero, Laura Natalia"]
[Result "1-0"]
[WhiteElo "1608"]
[BlackElo "1693"]
[PlyCount "63"]
[EventDate "2025.04.03"]
[EventType "swiss"]
[EventRounds "7"]
[EventCountry "COL"]
[SourceTitle "CB15_2025"]
[SourceDate "2025.04.09"]
[SourceVersion "1"]
[SourceVersionDate "2025.04.09"]
[SourceQuality "1"]

1. e4 d5 2. exd5 Qxd5 3. Nc3 Qa5 4. d4 Nf6 5. Nf3 c6 6. Bc4 Bf5 7. Ne5 e6 8. g4 Be4 9. 0-0 Bd5 10. Bd3 Nbd7 11. Nxd5 Nxd5 12. Nxd7 Kxd7 13. c4 Ne7 14. Qf3 f6 15. b4 Qb6 16. c5 Qd8 17. b5 Nd5 18. Rb1 Qc7 19. bxc6+ bxc6 20. Ba6 Rb8 21. Bd2 Be7 22. Qe4 g6 23. Rfe1 e5 24. Bc4 Rxb1 25. Rxb1 Rb8 26. Rxb8 Qxb8 27. Bxd5 cxd5 28. Qxd5+ Ke8 29. Qg8+ Bf8 30. Bh6 Qb1+ 31. Kg2 Qb7+ 32. d5 1-0

[Event "COL-ch U18 Girls"]
[Site "Bucaramanga"]
[Date "2025.04.05"]
[Round "4"]
[White "Herrera Idarraga, Karen Alejandra"]
[Black "Alvarado Quintero, Laura Natalia"]
[Result "0-1"]
[WhiteElo "1713"]
[BlackElo "1693"]
[PlyCount "84"]
[EventDate "2025.04.03"]
[EventType "swiss"]
[EventRounds "7"]
[EventCountry "COL"]
[SourceTitle "CB15_2025"]
[SourceDate "2025.04.09"]
[SourceVersion "1"]
[SourceVersionDate "2025.04.09"]
[SourceQuality "1"]

1. e4 d5 2. exd5 Qxd5 3. Nc3 Qa5 4. d4 Nf6 5. Nf3 c6 6. Ne5 Bf5 7. Bc4 e6 8. g4 Be4 9. 0-0 Bd5 10. f4 Bxc4 11. Nxc4 Qb4 12. Ne5 Nbd7 13. g5 Nxe5 14. gxf6 Nd7 15. d5 gxf6 16. dxe6 fxe6 17. Qh5+ Kd8 18. Kh1 Qc5 19. Qe2 Qf5 20. Be3 Kc7 21. Rad1 Bb4 22. Qc4 Bxc3 23. bxc3 Rhg8 24. Rd2 a5 25. Rfd1 Rad8 26. Qa4 Kc8 27. Rd6 Qh3 28. Rxc6+ Kb8 29. Ba7+ Ka8 30. Qe4 f5 31. Qe2 bxc6 32. Bd4 Nb8 33. Rb1 Rd7 34. Be5 Rb7 35. Rd1 Qg4 36. Qf1 Nd7 37. Qa6+ Ra7 38. Qxc6+ Rb7 39. Qa6+ Ra7 40. Qc6+ Rb7 41. Rf1 Nxe5 42. fxe5 Qe4+ 0-1

[Event "COL-ch U18 Girls"]
[Site "Bucaramanga"]
[Date "2025.04.03"]
[Round "1"]
[White "Alvarado Quintero, Laura Natalia"]
[Black "Morales Perez, Ghisell Gabriela"]
[Result "0-1"]
[WhiteElo "1693"]
[BlackElo "1999"]
[PlyCount "70"]
[EventDate "2025.04.03"]
[EventType "swiss"]
[EventRounds "7"]
[EventCountry "COL"]
[SourceTitle "CB15_2025"]
[SourceDate "2025.04.09"]
[SourceVersion "1"]
[SourceVersionDate "2025.04.09"]
[SourceQuality "1"]

1. d4 Nf6 2. c4 c5 3. e3 g6 4. Nc3 Bg7 5. Nf3 0-0 6. Be2 cxd4 7. Nxd4 Nc6 8. 0-0 d6 9. Nf3 Bd7 10. Rb1 Rc8 11. Bd2 Bf5 12. Rc1 e5 13. a3 a6 14. h3 h5 15. Ng5 e4 16. h4 Ne5 17. Qb3 Qd7 18. Na4 Qe7 19. Rfd1 Rc6 20. Bb4 Rfc8 21. Rd2 b5 22. Nc3 bxc4 23. Qa4 Nd3 24. Bxd3 cxd3 25. Rb1 Qe5 26. Qa5 d5 27. Rbd1 Bf8 28. Bxf8 Kxf8 29. Qb4+ Kg7 30. Qb7 R8c7 31. Qb4 Ng4 32. Qd4 f6 33. Nh3 Qh2+ 34. Kf1 Qh1+ 35. Ng1 Nh2+ 0-1

[Event "COL-ch 20 Girls"]
[Site "Bogota"]
[Date "2025.02.01"]
[Round "6"]
[White "Alvarado Quintero, Laura Natalia"]
[Black "Melgarejo Suarez, Aritna Valentina"]
[Result "1/2-1/2"]
[WhiteElo "1698"]
[BlackElo "1761"]
[PlyCount "112"]
[EventDate "2025.01.29"]
[EventType "swiss"]
[EventRounds "9"]
[EventCountry "COL"]
[SourceTitle "CB06_2025"]
[SourceDate "2025.02.05"]
[SourceVersion "1"]
[SourceVersionDate "2025.02.05"]
[SourceQuality "1"]

1. d4 d5 2. Nf3 Nf6 3. Bf4 c5 4. e3 Nc6 5. c3 e6 6. Nbd2 Be7 7. Bd3 0-0 8. h3 b6 9. 0-0 Bb7 10. Qe2 Bd6 11. Ne5 Bxe5 12. Bxe5 Nxe5 13. dxe5 Nd7 14. f4 f6 15. Qh5 f5 16. Nf3 Qe8 17. Qxe8 Rfxe8 18. Rad1 Rad8 19. Rd2 Nb8 20. Bb5 Re7 21. Rfd1 a6 22. Be2 h6 23. Kf2 Kf7 24. b3 Red7 25. g4 Nc6 26. Bf1 b5 27. gxf5 exf5 28. a3 Na5 29. Rb1 d4 30. exd4 Bxf3 31. Kxf3 cxd4 32. c4 bxc4 33. bxc4 Rc7 34. Rb4 Ke7 35. Bd3 g6 36. Ke2 Rdc8 37. Rb6 Nxc4 38. Bxc4 Rxc4 39. Rxa6 d3+ 40. Ke3 Re4+ 41. Kf3 Rcc4 42. Rxd3 Rxf4+ 43. Kg3 g5 44. Rb3 Rfd4 45. Rxh6 Rh4 46. Rb7+ Kd8 47. Rg6 Rc3+ 48. Kf2 Rc2+ 49. Ke1 Kc8 50. Rf7 Rh8 51. Rxg5 Rc3 52. Rgxf5 Rhxh3 53. Rg5 Rh8 54. Rgf5 Rxa3 55. Rf8+ Rxf8 56. Rxf8+ Kd7 1/2-1/2

[Event "Bogota Rapid op"]
[Site "Bogota"]
[Date "2024.12.21"]
[Round "9"]
[White "Alvarado Quintero, Laura Natalia"]
[Black "Conde Granada, Alain Camilo"]
[Result "1-0"]
[WhiteElo "1826"]
[BlackElo "1608"]
[PlyCount "84"]
[EventDate "2024.12.21"]
[EventType "swiss (rapid)"]
[EventRounds "9"]
[EventCountry "COL"]
[SourceTitle "CB52_2024"]
[SourceDate "2024.12.25"]
[SourceVersion "1"]
[SourceVersionDate "2024.12.25"]
[SourceQuality "1"]

1. d4 Nf6 2. Bf4 e6 3. Nf3 d5 4. c4 Bb4+ 5. Nc3 0-0 6. e3 c5 7. Be2 Nc6 8. 0-0 cxd4 9. exd4 Bxc3 10. bxc3 Ne4 11. Qc2 f5 12. h3 g5 13. Bh2 Qf6 14. Qc1 h5 15. Bd3 g4 16. Bxe4 fxe4 17. Qg5+ Qg7 18. Qxg7+ Kxg7 19. Ne5 Nxe5 20. Bxe5+ Kg6 21. cxd5 exd5 22. Rab1 gxh3 23. gxh3 Bxh3 24. Rfe1 b6 25. Re3 Bg4 26. Rb5 Rad8 27. Rg3 Rf3 28. Kg2 Rf5 29. Rb4 Kf7 30. Ra4 Rd7 31. Kf1 a5 32. Ra3 Ke6 33. Rb3 Rb7 34. Rb5 Rf3 35. Ke1 Rxc3 36. Rxc3 Kf5 37. Rxd5 Bf3 38. Bg3+ Kg4 39. Rc6 e3 40. Rg6+ Kh3 41. Rdg5 Re7 42. Be5 exf2+ 1-0

[Event "Bogota blitz op"]
[Site "Bogota"]
[Date "2024.12.21"]
[Round "11"]
[White "Alvarado Quintero, Laura Natalia"]
[Black "Contreras Naranjo, Henry Esteban"]
[Result "0-1"]
[WhiteElo "1799"]
[BlackElo "1858"]
[PlyCount "90"]
[EventDate "2024.12.21"]
[EventType "swiss (blitz)"]
[EventRounds "11"]
[EventCountry "COL"]
[SourceTitle "CB52_2024"]
[SourceDate "2024.12.25"]
[SourceVersion "1"]
[SourceVersionDate "2024.12.25"]
[SourceQuality "1"]

1. d4 Nf6 2. Bf4 d5 3. Nf3 c5 4. c3 Bf5 5. e3 e6 6. Bd3 Bxd3 7. Qxd3 cxd4 8. exd4 Bd6 9. Bxd6 Qxd6 10. Ne5 Nbd7 11. f4 a6 12. 0-0 0-0 13. Nd2 b5 14. a3 Nb6 15. Ndf3 Rac8 16. Rab1 Nc4 17. g4 Ne4 18. Ng5 f6 19. Nxe4 dxe4 20. Nxc4 Rxc4 21. Qxe4 a5 22. Rbe1 b4 23. cxb4 axb4 24. Qxe6+ Qxe6 25. Rxe6 Rxd4 26. axb4 Rxb4 27. Rf2 Rfb8 28. Ree2 Kf7 29. Kg2 Rc8 30. Kg3 Rcc4 31. Rc2 Rb3+ 32. Kg2 Rcb4 33. h3 Kg6 34. h4 h5 35. g5 Kf5 36. gxf6 gxf6 37. Rc5+ Kg4 38. Rc6 f5 39. Rg6+ Kxh4 40. Kg1 Rxb2 41. Rf3 Rb1+ 42. Kf2 R4b2+ 43. Ke3 Rb3+ 44. Ke2 R1b2+ 45. Ke1 Rxf3 0-1

[Event "Bogota Rapid op"]
[Site "Bogota"]
[Date "2024.12.21"]
[Round "3"]
[White "Alvarado Quintero, Laura Natalia"]
[Black "Rojas Rojas, Santiago"]
[Result "1-0"]
[WhiteElo "1826"]
[BlackElo "1810"]
[PlyCount "80"]
[EventDate "2024.12.21"]
[EventType "swiss (rapid)"]
[EventRounds "9"]
[EventCountry "COL"]
[SourceTitle "CB52_2024"]
[SourceDate "2024.12.25"]
[SourceVersion "1"]
[SourceVersionDate "2024.12.25"]
[SourceQuality "1"]

1. d4 Nf6 2. Bf4 c5 3. dxc5 Qa5+ 4. c3 Qxc5 5. e3 Nc6 6. Nf3 e5 7. Bg3 a5 8. Nbd2 a4 9. Be2 d6 10. Qc2 Be7 11. 0-0 0-0 12. h3 Re8 13. Rfd1 Bf8 14. Rac1 d5 15. Bh4 Be7 16. Bg3 Bd6 17. Nb1 Ne4 18. Bh2 Bf5 19. Bd3 Bg6 20. Bxe4 Bxe4 21. Qe2 Rad8 22. Na3 Bb8 23. Nd2 Bg6 24. Nf1 Qe7 25. Qb5 Be4 26. Ng3 f5 27. Nxe4 fxe4 28. Qxa4 Rf8 29. Qb3 Qf7 30. Bg3 Ne7 31. Qxb7 Qe6 32. Qb3 Nf5 33. Bh2 Nh4 34. Qc2 Qg6 35. Bg3 Nf5 36. Kh2 Nxg3 37. fxg3 d4 38. Rf1 d3 39. Qd2 Ba7 40. Nc4 Rc8 1-0

[Event "Bogota blitz op"]
[Site "Bogota"]
[Date "2024.12.21"]
[Round "9"]
[White "Alvarado Quintero, Laura Natalia"]
[Black "Salcedo Paez, Diana"]
[Result "0-1"]
[WhiteElo "1799"]
[BlackElo "1943"]
[PlyCount "74"]
[EventDate "2024.12.21"]
[EventType "swiss (blitz)"]
[EventRounds "11"]
[EventCountry "COL"]
[SourceTitle "CB52_2024"]
[SourceDate "2024.12.25"]
[SourceVersion "1"]
[SourceVersionDate "2024.12.25"]
[SourceQuality "1"]

1. d4 e6 2. Bf4 b6 3. Nf3 Bb7 4. c4 f5 5. Nc3 Bb4 6. Qc2 Nf6 7. e3 0-0 8. Bd3 Bxc3+ 9. Qxc3 d6 10. Rd1 Ne4 11. Qc2 Nd7 12. 0-0 Qe7 13. h3 h6 14. Nd2 Ndf6 15. Bh2 Nxd2 16. Qxd2 Ne4 17. Qc2 Qg5 18. f4 Qg6 19. b4 a5 20. c5 axb4 21. cxb6 cxb6 22. Bc4 Rfc8 23. Qb3 Nc3 24. Bxe6+ Kh8 25. Rd2 Re8 26. Bf7 Qf6 27. Bxe8 Rxe8 28. Qxb4 Rxe3 29. Rc2 Nd5 30. Qb5 Qxd4 31. Kh1 Nc3 32. Qd7 Be4 33. Qe8+ Kh7 34. Rcf2 Rxh3 35. Qd7 Qf6 36. Qc7 Qh4 37. Kg1 Rxh2 0-1

[Event "COL Intercollege (Women) op"]
[Site "Bogota"]
[Date "2024.11.23"]
[Round "5"]
[White "Gomez Araque, Laura Sofia"]
[Black "Alvarado Quintero, Laura Natalia"]
[Result "1/2-1/2"]
[WhiteElo "1684"]
[BlackElo "1703"]
[PlyCount "73"]
[EventDate "2024.11.21"]
[EventType "swiss"]
[EventRounds "7"]
[EventCountry "COL"]
[SourceTitle "CB48_2024"]
[SourceDate "2024.11.28"]
[SourceVersion "1"]
[SourceVersionDate "2024.11.28"]
[SourceQuality "1"]

1. e4 d5 2. exd5 Qxd5 3. Nc3 Qd6 4. d4 Nf6 5. Nf3 a6 6. g3 Bg4 7. Bg2 c6 8. h3 Bxf3 9. Bxf3 e6 10. Ne4 Qd8 11. Nxf6+ Qxf6 12. h4 h6 13. Bf4 Nd7 14. Bg2 Be7 15. Qd2 Nb6 16. Be5 Qg6 17. Qe2 h5 18. Be4 f5 19. Bf3 Nd7 20. Bf4 Kf7 21. 0-0-0 Rae8 22. Rhe1 Bd8 23. Rd3 Nf6 24. Bg5 Ng4 25. Bxd8 Rxd8 26. Bxg4 hxg4 27. Qe5 Rd7 28. Rde3 Re8 29. c4 Qf6 30. Kc2 Rxd4 31. Kc3 Qxe5 32. Rxe5 Rd6 33. c5 Rd5 34. Rxd5 cxd5 35. Kd4 Kf6 36. b4 Rc8 37. a4 1/2-1/2

[Event "COL Intercollege (Women) op"]
[Site "Bogota"]
[Date "2024.11.22"]
[Round "4"]
[White "Alvarado Quintero, Laura Natalia"]
[Black "Nino Brito, Rosaureli Cecilia"]
[Result "1-0"]
[WhiteElo "1703"]
[BlackElo "1563"]
[PlyCount "31"]
[EventDate "2024.11.21"]
[EventType "swiss"]
[EventRounds "7"]
[EventCountry "COL"]
[SourceTitle "CB48_2024"]
[SourceDate "2024.11.28"]
[SourceVersion "1"]
[SourceVersionDate "2024.11.28"]
[SourceQuality "1"]

1. d4 g6 2. Bf4 Bg7 3. Nc3 e6 4. e4 a6 5. Qd2 d6 6. 0-0-0 Nd7 7. f3 e5 8. dxe5 dxe5 9. Bg5 f6 10. Be3 b5 11. h4 h5 12. Kb1 b4 13. Na4 Bf8 14. Qd5 Rb8 15. Bc4 Ne7 16. Qf7# 1-0

[Event "COL Intercollege (Women) op"]
[Site "Bogota"]
[Date "2024.11.22"]
[Round "3"]
[White "Cardona, Marisol"]
[Black "Alvarado Quintero, Laura Natalia"]
[Result "1-0"]
[WhiteElo "1550"]
[BlackElo "1703"]
[PlyCount "33"]
[EventDate "2024.11.21"]
[EventType "swiss"]
[EventRounds "7"]
[EventCountry "COL"]
[SourceTitle "CB48_2024"]
[SourceDate "2024.11.28"]
[SourceVersion "1"]
[SourceVersionDate "2024.11.28"]
[SourceQuality "1"]

1. d4 d5 2. c4 e6 3. Nc3 Nf6 4. Bg5 c6 5. e3 dxc4 6. Bxc4 b5 7. Bd3 Bb7 8. Nf3 a6 9. 0-0 c5 10. Be4 Bxe4 11. Nxe4 Nbd7 12. dxc5 Bxc5 13. Rc1 Be7 14. Nd6+ Kf8 15. Rc6 h6 16. Bh4 Nb8 17. Rc8 1-0

[Event "COL-ch Blitz (Women)"]
[Site "Bucaramanga"]
[Date "2024.10.27"]
[Round "10"]
[White "Alvarado Quintero, Laura Natalia"]
[Black "Agudelo Zapata, Yarli Alejandra"]
[Result "1/2-1/2"]
[WhiteElo "1760"]
[BlackElo "1751"]
[PlyCount "59"]
[EventDate "2024.10.27"]
[EventType "swiss (blitz)"]
[EventRounds "11"]
[EventCountry "COL"]
[SourceTitle "CB44_2024"]
[Source "Chessbase"]
[SourceDate "2024.10.30"]
[SourceVersion "1"]
[SourceVersionDate "2024.10.30"]
[SourceQuality "1"]

1. d4 Nf6 2. Bf4 d6 3. Nc3 g6 4. e4 Bg7 5. Qd2 0-0 6. 0-0-0 Nbd7 7. Bh6 c5 8. dxc5 Nxc5 9. Bxg7 Kxg7 10. e5 Ne8 11. Qd4 Ne6 12. Qe3 Qb6 13. Qxb6 axb6 14. Nf3 Bd7 15. Kb1 Bc6 16. Bc4 N6c7 17. Rhe1 dxe5 18. Nxe5 Nd6 19. Bb3 Bxg2 20. Nd7 Rfe8 21. Nxb6 Ra6 22. Nbd5 Nxd5 23. Nxd5 Bxd5 24. Bxd5 e6 25. Bb3 Rc8 26. Rd4 Rc7 27. Red1 Nf5 28. Rd7 Rxd7 29. Rxd7 b5 30. a3 1/2-1/2

[Event "COL-ch U18"]
[Site "Florencia Caqueta"]
[Date "2024.10.06"]
[Round "5"]
[White "Alvarado Quintero, Laura Natalia"]
[Black "Alcala Leon, Daniel Alejandro"]
[Result "0-1"]
[WhiteElo "1760"]
[BlackElo "1957"]
[PlyCount "92"]
[EventDate "2024.10.06"]
[EventType "swiss (blitz)"]
[EventRounds "9"]
[EventCountry "COL"]
[SourceTitle "CB44_2024"]
[Source "Chessbase"]
[SourceDate "2024.10.30"]
[SourceVersion "1"]
[SourceVersionDate "2024.10.30"]
[SourceQuality "1"]

1. d4 d5 2. Bf4 Nf6 3. Nf3 e6 4. e3 c6 5. c4 Bd6 6. Bg3 0-0 7. Nc3 Re8 8. Bxd6 Qxd6 9. Ne5 Nfd7 10. f4 f6 11. Qh5 Qe7 12. Nxd7 Nxd7 13. Bd3 g6 14. Qf3 Kh8 15. 0-0 Nf8 16. Rae1 dxc4 17. Bxc4 b5 18. Bb3 Bb7 19. Qh3 a5 20. Bc2 a4 21. Ne4 Rad8 22. Nc5 Bc8 23. Qf3 Qd6 24. Qe2 Nd7 25. Nd3 c5 26. dxc5 Nxc5 27. Nxc5 Qxc5 28. Rc1 Qb6 29. Bd3 b4 30. Bb5 Re7 31. Rc6 Qa5 32. Rc5 Ba6 33. Rfc1 Bb7 34. Bd3 Qa8 35. R1c4 Ba6 36. Rd4 Bb7 37. Bc4 Bd5 38. Bxd5 exd5 39. Rxb4 d4 40. Qc2 dxe3 41. Qe2 Qa7 42. Rbc4 Rd2 43. Rc8+ Kg7 44. Qe1 e2+ 45. Kh1 Rd1 46. Rc1 Rxe1+ 0-1

[Event "COL-ch U18"]
[Site "Florencia Caqueta"]
[Date "2024.10.06"]
[Round "6"]
[White "Figueroa Rincon, Cesar Fabian"]
[Black "Alvarado Quintero, Laura Natalia"]
[Result "0-1"]
[WhiteElo "1771"]
[BlackElo "1760"]
[PlyCount "60"]
[EventDate "2024.10.06"]
[EventType "swiss (blitz)"]
[EventRounds "9"]
[EventCountry "COL"]
[SourceTitle "CB44_2024"]
[Source "Chessbase"]
[SourceDate "2024.10.30"]
[SourceVersion "1"]
[SourceVersionDate "2024.10.30"]
[SourceQuality "1"]

1. e4 d5 2. exd5 Qxd5 3. Nc3 Qa5 4. Bc4 Nf6 5. Nf3 c6 6. 0-0 Bf5 7. d4 e6 8. Bf4 Be7 9. Ne5 Nbd7 10. Re1 0-0 11. f3 Nxe5 12. Rxe5 Qb6 13. Bb3 Rfd8 14. g4 Rxd4 15. Qe2 Rxf4+ 16. Kg2 Bg6 17. Rd1 Bd6 18. Rxd6 Qc7 19. Rd1 Re8 20. a3 Nd7 21. Re3 h5 22. h3 Nf6 23. Re5 Nd7 24. Rg5 h4 25. Rxg6 fxg6 26. Bxe6+ Rf7 27. Rxd7 Qg3+ 28. Kf1 Qxh3+ 29. Ke1 Rxe6 30. Qxe6 Qh1+ 0-1

[Event "COL-chT (Women)"]
[Site "Risaralda"]
[Date "2023.11.23"]
[Round "7.3"]
[White "Alvarado Quintero, Laura Natalia"]
[Black "Lizarazo, Doris Liliana"]
[Result "1/2-1/2"]
[WhiteElo "1493"]
[BlackElo "1673"]
[PlyCount "97"]
[EventDate "2023.11.19"]
[EventType "team-swiss"]
[EventRounds "7"]
[EventCountry "COL"]
[SourceTitle "CBM 217 Extra"]
[Source "ChessBase"]
[SourceDate "2024.01.31"]
[SourceVersion "1"]
[SourceVersionDate "2024.01.31"]
[SourceQuality "1"]
[WhiteTeam "Cundinamarca (W)"]
[BlackTeam "Norte de Santander (W)"]
[WhiteTeamCountry "COL"]
[BlackTeamCountry "COL"]

1. d4 d5 2. c4 e6 3. Nc3 Nf6 4. Nf3 Be7 5. e3 0-0 6. Bd3 c5 7. 0-0 Nc6 8. b3 b6 9. Bb2 cxd4 10. exd4 h6 11. Re1 Bb7 12. cxd5 exd5 13. Rc1 Bd6 14. h3 Nb4 15. Bf1 Bf4 16. Rb1 Ba6 17. Bxa6 Nxa6 18. Ba3 Bd6 19. Bxd6 Qxd6 20. Qe2 Nc7 21. Nb5 Nxb5 22. Qxb5 Ne4 23. Rbc1 Rac8 24. Qa6 Rc7 25. Rxc7 Qxc7 26. Qd3 Rc8 27. Ne5 Qc2 28. Re2 Qc1+ 29. Kh2 Qf4+ 30. g3 Qc1 31. Qf3 f6 32. Ng6 Rc7 33. Qh5 Qg5 34. Nf4 Qxh5 35. Nxh5 Nc3 36. Rc2 Nb5 37. Rxc7 Nxc7 38. Nf4 g5 39. Ne2 Kf7 40. Kg2 Ke6 41. Kf3 Kf5 42. Ke3 h5 43. Nc1 Nb5 44. Ne2 Ke6 45. Kd3 f5 46. Ke3 Kf6 47. Kf3 Ke6 48. Ke3 Kf6 49. Kf3 1/2-1/2

[Event "Pan American-ch School U17 Girls 12th"]
[Site "Callao"]
[Date "2023.10.21"]
[Round "9"]
[White "Alvarado Quintero, Laura Natalia"]
[Black "Guerrero Caicedo, Arlette Sabina"]
[Result "0-1"]
[WhiteElo "1456"]
[BlackElo "1673"]
[PlyCount "94"]
[EventDate "2023.10.16"]
[EventType "swiss"]
[EventRounds "9"]
[EventCountry "PER"]
[SourceTitle "CBM 217 Extra"]
[Source "ChessBase"]
[SourceDate "2024.01.31"]
[SourceVersion "1"]
[SourceVersionDate "2024.01.31"]
[SourceQuality "1"]

1. d4 Nf6 2. Nf3 g6 3. Bf4 Bg7 4. e3 0-0 5. Be2 d5 6. Nbd2 c5 7. c3 b6 8. h3 Nc6 9. 0-0 Bb7 10. Ne5 Nd7 11. Nxd7 Qxd7 12. Nf3 Rad8 13. Qd2 Rfe8 14. Rad1 e5 15. dxe5 Nxe5 16. Nxe5 Bxe5 17. Bxe5 Rxe5 18. Rfe1 Qa4 19. Bf1 d4 20. exd4 Rxe1 21. Qxe1 cxd4 22. Rxd4 Rxd4 23. cxd4 Qxd4 24. Qc3 Qxc3 25. bxc3 Bd5 26. a3 Kf8 27. f3 Ke7 28. Kf2 Kd6 29. Ke3 Kc5 30. Bd3 Bc4 31. Bc2 Bf1 32. Kf2 Bc4 33. Ke3 Be6 34. Bd1 Kc4 35. Kd2 Bf5 36. Ba4 f6 37. h4 g5 38. hxg5 fxg5 39. g3 h6 40. Bd1 h5 41. g4 hxg4 42. fxg4 Bd7 43. Bf3 Kb3 44. Kd3 Kxa3 45. c4 Kb2 46. Kd4 a5 47. Bd1 a4 0-1

[Event "Pan American-ch School U17 Girls 12th"]
[Site "Callao"]
[Date "2023.10.19"]
[Round "6"]
[White "Sumaria Choqueluque, Nikole Ange"]
[Black "Alvarado Quintero, Laura Natalia"]
[Result "1/2-1/2"]
[WhiteElo "1298"]
[BlackElo "1456"]
[PlyCount "74"]
[EventDate "2023.10.16"]
[EventType "swiss"]
[EventRounds "9"]
[EventCountry "PER"]
[SourceTitle "CBM 217 Extra"]
[Source "ChessBase"]
[SourceDate "2024.01.31"]
[SourceVersion "1"]
[SourceVersionDate "2024.01.31"]
[SourceQuality "1"]

1. c4 c5 2. g3 Nc6 3. Bg2 Nf6 4. Nc3 e5 5. e3 Be7 6. Nge2 0-0 7. 0-0 d6 8. d4 Bf5 9. d5 Nb8 10. e4 Bg6 11. f4 Nbd7 12. f5 Bh5 13. h3 Bxe2 14. Nxe2 h6 15. g4 Nh7 16. Ng3 Bg5 17. Qe2 Bxc1 18. Raxc1 Qh4 19. Kh2 Rab8 20. Rc3 a6 21. Ra3 Qe7 22. Nh5 Rfd8 23. Qd2 Ra8 24. Raf3 Ndf6 25. Rg3 b5 26. b3 Rdb8 27. Nxf6+ Qxf6 28. Rff3 Rb7 29. Bf1 b4 30. a3 a5 31. a4 Rab8 32. Qf2 Ng5 33. Re3 Nh7 34. Rg2 Re8 35. Qg3 Qg5 36. Rf3 Qe7 37. h4 f6 1/2-1/2

[Event "Pan American-ch School U17 Girls 12th"]
[Site "Callao"]
[Date "2023.10.17"]
[Round "3"]
[White "Alvarado Quintero, Laura Natalia"]
[Black "Tacas Cardenas, Andrea Ximena"]
[Result "1/2-1/2"]
[WhiteElo "1456"]
[BlackElo "1676"]
[PlyCount "100"]
[EventDate "2023.10.16"]
[EventType "swiss"]
[EventRounds "9"]
[EventCountry "PER"]
[SourceTitle "CBM 217 Extra"]
[Source "ChessBase"]
[SourceDate "2024.01.31"]
[SourceVersion "1"]
[SourceVersionDate "2024.01.31"]
[SourceQuality "1"]

1. d4 Nf6 2. Bf4 e6 3. Nf3 d5 4. e3 c5 5. c3 Bd6 6. Bg3 Nc6 7. Nbd2 0-0 8. Bd3 Re8 9. Bxd6 Qxd6 10. 0-0 e5 11. dxe5 Nxe5 12. Nxe5 Qxe5 13. Nf3 Qe7 14. h3 b6 15. Bb5 Rd8 16. Re1 Bb7 17. Qe2 a6 18. Bd3 Ne4 19. Nd2 Rd6 20. Rad1 b5 21. Nxe4 dxe4 22. Bc2 Rad8 23. Rxd6 Rxd6 24. Rd1 Qd7 25. Rxd6 Qxd6 26. Qd1 Qxd1+ 27. Bxd1 f5 28. Kf1 Kf7 29. f3 exf3 30. Bxf3 Bxf3 31. gxf3 Ke6 32. Kf2 Ke5 33. h4 g6 34. Ke2 c4 35. Kf2 h6 36. Kg2 g5 37. hxg5 hxg5 38. Kf2 g4 39. Kg3 a5 40. a3 gxf3 41. Kxf3 a4 42. Kf2 Ke4 43. Ke2 Kd5 44. Kf3 Ke5 45. Kf2 Kf6 46. Kf3 Ke5 47. Kf2 Ke4 48. Ke2 Kd5 49. Kf3 Ke5 50. Kf2 Ke4 1/2-1/2

[Event "Pan American-ch School U17 Girls 12th"]
[Site "Callao"]
[Date "2023.10.16"]
[Round "2"]
[White "Orihuela Barreda, Alondra"]
[Black "Alvarado Quintero, Laura Natalia"]
[Result "0-1"]
[WhiteElo "1440"]
[BlackElo "1456"]
[PlyCount "122"]
[EventDate "2023.10.16"]
[EventType "swiss"]
[EventRounds "9"]
[EventCountry "PER"]
[SourceTitle "CBM 217 Extra"]
[Source "ChessBase"]
[SourceDate "2024.01.31"]
[SourceVersion "1"]
[SourceVersionDate "2024.01.31"]
[SourceQuality "1"]

1. e4 c5 2. Nf3 d6 3. d4 cxd4 4. Nxd4 Nf6 5. Nc3 g6 6. g3 Bg7 7. Bg2 0-0 8. 0-0 Bd7 9. h3 Nc6 10. Nde2 Rb8 11. a4 a6 12. Be3 Ne5 13. b3 Bc6 14. Ra2 b6 15. Nd5 Ned7 16. Nd4 Ba8 17. Re1 Nc5 18. Bg5 e6 19. Nxf6+ Bxf6 20. Bh6 Re8 21. b4 Nd7 22. Nf3 Nf8 23. Bf4 e5 24. Bc1 d5 25. Nd2 Bg7 26. exd5 Bxd5 27. Bxd5 Qxd5 28. c4 Qd7 29. Kg2 Rbd8 30. Qe2 Ne6 31. Ne4 Nd4 32. Qe3 Qc6 33. b5 Qxc4 34. Rd2 axb5 35. axb5 Nxb5 36. Rxd8 Rxd8 37. Qxb6 Qd5 38. Kg1 Nd4 39. Nd2 Bh6 40. Ne4 Bg7 41. Nd2 Rc8 42. Qa6 Ra8 43. Qf1 Bh6 44. Qg2 Qa5 45. h4 Rc8 46. Qb7 Rc2 47. Qb8+ Kg7 48. Rxe5 Rxc1+ 49. Kg2 Qxd2 50. Re8 Nc6 51. Rg8+ Kf6 52. Qb3 Rc3 53. Qb5 Qd3 54. Qb2 Qd5+ 55. Kg1 Qe5 56. Qb6 Qd4 57. Qb7 Rc1+ 58. Kg2 Qd5+ 59. f3 Rc2+ 60. Kh3 Qf5+ 61. g4 Qxf3# 0-1

[Event "Pereira Fiestas de la Cosecha op"]
[Site "Pereira"]
[Date "2023.08.26"]
[Round "5"]
[White "Cuellar Canosa, Nicolas"]
[Black "Alvarado Quintero, Laura Natalia"]
[Result "1-0"]
[WhiteElo "1852"]
[BlackElo "1433"]
[PlyCount "51"]
[EventDate "2023.08.24"]
[EventType "swiss"]
[EventRounds "7"]
[EventCountry "COL"]
[SourceTitle "CBM 216 Extra"]
[Source "ChessBase"]
[SourceDate "2023.11.30"]
[SourceVersion "1"]
[SourceVersionDate "2023.11.30"]
[SourceQuality "1"]

1. e4 c5 2. Nf3 d6 3. d4 cxd4 4. Nxd4 Nf6 5. Nc3 g6 6. Be2 Bg7 7. 0-0 0-0 8. Bg5 Nc6 9. Nb3 a6 10. f4 b5 11. Bf3 Bb7 12. Nd5 Nxd5 13. exd5 Na7 14. c3 Re8 15. Qd2 Qb6+ 16. Kh1 a5 17. Rae1 Nc8 18. Bh4 b4 19. Bf2 bxc3 20. bxc3 Qc7 21. Nd4 Nb6 22. Nb5 Qd8 23. Rb1 Nc4 24. Qd3 Qc8 25. Be2 Ba6 26. Qxc4 1-0

[Event "Medellin Flores op 30th"]
[Site "Medellin"]
[Date "2023.08.03"]
[Round "1"]
[White "Alvarado Quintero, Laura Natalia"]
[Black "Olarte Parra, Jhoan Sebastian"]
[Result "0-1"]
[WhiteElo "1433"]
[BlackElo "1993"]
[PlyCount "88"]
[EventDate "2023.08.03"]
[EventType "swiss"]
[EventRounds "9"]
[EventCountry "COL"]
[SourceTitle "EXT 2024"]
[Source "ChessBase"]
[SourceDate "2023.10.10"]
[SourceVersion "1"]
[SourceVersionDate "2023.10.10"]
[SourceQuality "1"]

1. d4 Nf6 2. Bf4 e6 3. Nf3 d5 4. e3 c5 5. c3 Nc6 6. Nbd2 Bd6 7. dxc5 Bxc5 8. Ne5 0-0 9. h3 Nd7 10. Ndf3 Ndxe5 11. Nxe5 f6 12. Nxc6 bxc6 13. b4 e5 14. Bg3 Bb6 15. a4 a5 16. Qb3 Be6 17. Rd1 Qe7 18. Be2 Qf7 19. b5 d4 20. Qb2 dxe3 21. bxc6 Rab8 22. Bb5 Qg6 23. Rd6 exf2+ 24. Bxf2 Qxg2 25. Rg1 Bxf2+ 26. Qxf2 Qxh3 27. Rg3 Qh1+ 28. Ke2 Qe4+ 29. Kd2 Qf4+ 30. Qxf4 exf4 31. Rgd3 Kf7 32. R3d4 g5 33. Re4 Bf5 34. Red4 Rbc8 35. Ba6 Rc7 36. Bb7 Kg6 37. Rd8 Rxd8 38. Rxd8 g4 39. Rd4 Kg5 40. Ke2 h5 41. Rd5 f3+ 42. Kf2 Kf4 43. Rxa5 g3+ 44. Kg1 Bd3 0-1